[Event "Swiss Queens Wed #23"]
[Site "FIDE Online Arena INT"]
[Date "2024.07.03"]
[Round "8"]
[White "Aditi, Arun"]
[Black "Nik Ahmad Farouqi, Nik Aimee Camilla"]
[Result "1-0"]
[WhiteElo "1782"]
[BlackElo "1462"]
[PlyCount "51"]
[EventDate "2024.07.03"]
[EventType "swiss (blitz)"]
[EventRounds "11"]
[EventCountry "NET"]
[SourceTitle "CBM 221 Extra"]
[Source "ChessBase"]
[SourceDate "2024.09.30"]
[SourceVersion "1"]
[SourceVersionDate "2024.09.30"]
[SourceQuality "1"]

1. e4 e6 2. d4 d5 3. Nd2 Nf6 4. e5 Nfd7 5. Bd3 c5 6. c3 Be7 7. Ne2 0-0 8. 0-0 Nc6 9. Nf3 h6 10. Ng3 cxd4 11. cxd4 Nb6 12. Bd2 Nc4 13. Bc3 Qb6 14. b3 N4a5 15. Bb2 Bd7 16. Rc1 Nb4 17. Bb1 Na6 18. Qd3 g6 19. Rfd1 Rac8 20. Qd2 Bb4 21. Qxh6 Rxc1 22. Rxc1 Rc8 23. Rxc8+ Bxc8 24. Ng5 Bd7 25. Qh7+ Kf8 26. Qxf7# 1-0

[Event "Swiss Queens Wed #23"]
[Site "FIDE Online Arena INT"]
[Date "2024.07.03"]
[Round "9"]
[White "Nik Ahmad Farouqi, Nik Aimee Camilla"]
[Black "Balandran Duarte, Tania"]
[Result "0-1"]
[WhiteElo "1462"]
[BlackElo "1815"]
[PlyCount "92"]
[EventDate "2024.07.03"]
[EventType "swiss (blitz)"]
[EventRounds "11"]
[EventCountry "NET"]
[SourceTitle "CBM 221 Extra"]
[Source "ChessBase"]
[SourceDate "2024.09.30"]
[SourceVersion "1"]
[SourceVersionDate "2024.09.30"]
[SourceQuality "1"]

1. e4 e6 2. d4 d5 3. Nc3 Nf6 4. Nf3 dxe4 5. Nd2 Nc6 6. Ndxe4 Qxd4 7. Nxf6+ Qxf6 8. Be2 Bb4 9. 0-0 0-0 10. Bd2 Rd8 11. Bd3 e5 12. Qh5 g6 13. Qh6 Qg7 14. Bg5 f6 15. Qxg7+ Kxg7 16. Bh4 Bxc3 17. bxc3 Be6 18. Rab1 b6 19. a3 Na5 20. Be4 Rab8 21. Rfd1 Nc4 22. Bc6 Rd6 23. Rxd6 Nxd6 24. Rd1 Bf5 25. Rd2 b5 26. Bd5 g5 27. Bg3 a5 28. h3 h5 29. Bh2 Re8 30. Bc6 Re7 31. Bf3 h4 32. Bg4 Bxg4 33. hxg4 Nc4 34. Rd5 c6 35. Rc5 Rc7 36. g3 Nxa3 37. gxh4 gxh4 38. Kg2 Nxc2 39. Kh3 a4 40. Kxh4 a3 41. Bg1 a2 42. f3 a1Q 43. Bf2 Qf1 44. Bg3 Qxf3 45. Kh5 Rc8 46. Bxe5 Rh8# 0-1

[Event "Swiss Queens Wed #23"]
[Site "FIDE Online Arena INT"]
[Date "2024.07.03"]
[Round "2"]
[White "Nik Ahmad Farouqi, Nik Aimee Camilla"]
[Black "Shuvalova, Polina"]
[Result "0-1"]
[WhiteElo "1462"]
[BlackElo "2483"]
[PlyCount "56"]
[EventDate "2024.07.03"]
[EventType "swiss (blitz)"]
[EventRounds "11"]
[EventCountry "NET"]
[SourceTitle "CBM 221 Extra"]
[Source "ChessBase"]
[SourceDate "2024.09.30"]
[SourceVersion "1"]
[SourceVersionDate "2024.09.30"]
[SourceQuality "1"]

1. e4 b6 2. Nf3 Bb7 3. Nc3 e6 4. Bb5 a6 5. Be2 Be7 6. d4 Bb4 7. e5 Ne7 8. a3 Bxc3+ 9. bxc3 d6 10. 0-0 Nd7 11. Bf4 Nd5 12. Bg3 Nxc3 13. Qd2 Ne4 14. Qf4 Nxg3 15. fxg3 dxe5 16. dxe5 0-0 17. Rad1 Qe7 18. a4 Rad8 19. Kh1 h6 20. Bd3 Nc5 21. Bc4 Rxd1 22. Rxd1 Rd8 23. Rxd8+ Qxd8 24. h3 Ne4 25. Bb3 Qd1+ 26. Kh2 Nf2 27. Ng1 Qf1 28. Bc4 Qxg2# 0-1

[Event "Swiss Queens Wed #23"]
[Site "FIDE Online Arena INT"]
[Date "2024.07.03"]
[Round "7"]
[White "Nik Ahmad Farouqi, Nik Aimee Camilla"]
[Black "Yurukova, Ginka"]
[Result "1-0"]
[WhiteElo "1462"]
[BlackElo "1638"]
[PlyCount "117"]
[EventDate "2024.07.03"]
[EventType "swiss (blitz)"]
[EventRounds "11"]
[EventCountry "NET"]
[SourceTitle "CBM 221 Extra"]
[Source "ChessBase"]
[SourceDate "2024.09.30"]
[SourceVersion "1"]
[SourceVersionDate "2024.09.30"]
[SourceQuality "1"]

1. e4 c6 2. d4 d5 3. e5 Bf5 4. Nf3 e6 5. Be2 Nd7 6. 0-0 Ne7 7. c3 a6 8. Bd2 c5 9. Bg5 f6 10. exf6 gxf6 11. Bh4 Nc6 12. dxc5 Bxc5 13. Nbd2 Qc7 14. Nb3 Be7 15. Rc1 0-0-0 16. Nbd4 Be4 17. Nxc6 bxc6 18. Bxa6+ Kb8 19. Qb3+ Qb6 20. Bg3+ e5 21. Qxb6+ Nxb6 22. Nd2 Ka7 23. Be2 Bg6 24. Nb3 h5 25. Ra1 Nd7 26. a4 Nc5 27. Nxc5 Bxc5 28. a5 h4 29. b4 hxg3 30. bxc5 gxh2+ 31. Kh1 Be4 32. a6 Rdg8 33. f3 Bf5 34. Rfd1 e4 35. Rdb1 exf3 36. Rb7+ Ka8 37. Bxf3 Rb8 38. Rc7 Rb1+ 39. Rxb1 Bxb1 40. Rxc6 Be4 41. Bxe4 dxe4 42. Rxf6 Ka7 43. Re6 Rh4 44. g3 Rh5 45. Rxe4 Rxc5 46. Kxh2 Rxc3 47. g4 Kxa6 48. g5 Rc7 49. Rg4 Rg7 50. g6 Kb6 51. Kh3 Kc6 52. Kh4 Kd6 53. Kh5 Ke6 54. Kh6 Rg8 55. Kh7 Rb8 56. g7 Rb7 57. Kh8 Rb8+ 58. g8Q+ Rxg8+ 59. Rxg8 1-0

[Event "Swiss Queens Wed #23"]
[Site "FIDE Online Arena INT"]
[Date "2024.07.03"]
[Round "3"]
[White "Zaksaite, Salomeja"]
[Black "Nik Ahmad Farouqi, Nik Aimee Camilla"]
[Result "1-0"]
[WhiteElo "2210"]
[BlackElo "1462"]
[PlyCount "79"]
[EventDate "2024.07.03"]
[EventType "swiss (blitz)"]
[EventRounds "11"]
[EventCountry "NET"]
[SourceTitle "CBM 221 Extra"]
[Source "ChessBase"]
[SourceDate "2024.09.30"]
[SourceVersion "1"]
[SourceVersionDate "2024.09.30"]
[SourceQuality "1"]

1. e4 e6 2. Qe2 d5 3. exd5 Qxd5 4. Nc3 Qd8 5. g3 Nf6 6. Bg2 Be7 7. Nf3 0-0 8. d4 c5 9. Be3 cxd4 10. Nxd4 Nc6 11. Bxc6 bxc6 12. Nxc6 Qc7 13. Nxe7+ Qxe7 14. 0-0 Bb7 15. f3 Rad8 16. Bxa7 Qc7 17. a4 Ra8 18. Bd4 Ba6 19. Nb5 Qc6 20. c4 Rad8 21. b3 Rfe8 22. Bxf6 gxf6 23. Rad1 Bxb5 24. axb5 Qb6+ 25. Kg2 Qc5 26. Rxd8 Rxd8 27. Rd1 Qc7 28. Rxd8+ Qxd8 29. c5 Qc7 30. b4 Kf8 31. b6 Qc6 32. Qe4 Qxe4 33. fxe4 Ke8 34. b7 Kd7 35. b8Q Kc6 36. Kf3 Kd7 37. Qd6+ Kc8 38. c6 e5 39. Qd7+ Kb8 40. Qb7# 1-0

[Event "Swiss Queens Wed #22"]
[Site "FIDE Online Arena INT"]
[Date "2024.06.26"]
[Round "11"]
[White "Dudipalli, Hamsini"]
[Black "Nik Ahmad Farouqi, Nik Aimee Camilla"]
[Result "0-1"]
[WhiteElo "1457"]
[BlackElo "1484"]
[PlyCount "114"]
[EventDate "2024.06.26"]
[EventType "swiss (blitz)"]
[EventRounds "11"]
[EventCountry "NET"]
[SourceTitle "CBM 220 Extra"]
[Source "ChessBase"]
[SourceDate "2024.07.31"]
[SourceVersion "1"]
[SourceVersionDate "2024.07.31"]
[SourceQuality "1"]

1. e4 e6 2. d4 d5 3. e5 c5 4. c3 Nc6 5. Nf3 Bd7 6. Be2 Nge7 7. a3 Nf5 8. 0-0 Qb6 9. dxc5 Bxc5 10. b4 Be7 11. Be3 Nxe3 12. fxe3 Qxe3+ 13. Kh1 Qb6 14. Nbd2 d4 15. cxd4 Nxd4 16. Nxd4 Qxd4 17. Nf3 Qb6 18. Qd2 Rd8 19. Rad1 0-0 20. Qf4 h6 21. Qg3 Bb5 22. Bxb5 Qxb5 23. Nd4 Qd7 24. h3 Qa4 25. Qb3 Qxb3 26. Nxb3 Rxd1 27. Rxd1 Rd8 28. Rxd8+ Bxd8 29. Nd2 Bg5 30. Nf3 Bf4 31. Kg1 Kf8 32. Kf2 Ke7 33. g3 Bc1 34. a4 Ba3 35. b5 Bc5+ 36. Ke2 b6 37. Kd3 f6 38. exf6+ gxf6 39. Nh4 Kf7 40. Nf3 Bf2 41. g4 Bc5 42. Kc4 e5 43. Nd2 Be3 44. Ne4 Ke6 45. Kd3 Bc1 46. Kc2 Ba3 47. Kb3 Be7 48. Kc4 f5 49. gxf5+ Kxf5 50. Ng3+ Kf4 51. Nh5+ Kg5 52. Ng3 Kh4 53. Nf5+ Kxh3 54. Nxe7 h5 55. Ng6 h4 56. Nxe5 Kg3 57. Nd3 h3 0-1